| 000 | 00478nam a2200157 a 4500 | ||
|---|---|---|---|
| 001 | 000028822 | ||
| 005 | 20200930055147.0 | ||
| 008 | 110412s1997 dr a 000 0 spa d | ||
| 040 |
_aDO-SdBNP _bspa _cBNPHU |
||
| 082 |
_axxx _bR426d |
||
| 110 | 1 |
_aRepública Dominicana _bBanco Central _932074 |
|
| 245 | 1 | 3 | _aLa deuda pública externa global de la República Dominicana. |
| 260 |
_aSanto Domingo : _bBanco Central, _c1997. |
||
| 300 |
_a25 p. : _bgraf. ; _c29 cm. |
||
| 049 | _aBNPD | ||
| 999 |
_c28314 _d28314 |
||